000 00303nam a22001337a 4500
008 170802b xxu||||| |||| 00| 0 eng d
020 _a9780073517209
041 _aeng
080 _a004
100 _a32
101 _aSHK
245 _aPROGRAMMING IN VISUAL BASIC 2008
_cBRADLEY,J.C
942 _2udc
_cBK
999 _c22516
_d22516